PENNY DRAWS A BEST FRIEND / (Record no. 204084)

MARC details
000 -LEADER
fixed length control field 01727nam a2200325 i 4500
003 - CONTROL NUMBER IDENTIFIER
control field PPAK
005 - DATE AND TIME OF LATEST TRANSACTION
control field 20260504151828.0
008 - FIXED-LENGTH DATA ELEMENTS--GENERAL INFORMATION
fixed length control field 260504t20252023nyua crb 00 1 eng d
020 ## - INTERNATIONAL STANDARD BOOK NUMBER
International Standard Book Number 9780593616796
Terms of availability RM 47.95
Qualifying information hardback
040 ## - CATALOGING SOURCE
Original cataloging agency PPAK
Language of cataloging eng
Transcribing agency PPAK
Description conventions rda
082 04 - DEWEY DECIMAL CLASSIFICATION NUMBER
Edition number 23
Classification number 813.6
090 00 - LOCALLY ASSIGNED LC-TYPE CALL NUMBER (OCLC); LOCAL CALL NUMBER (RLIN)
Classification number (OCLC) (R) ; Classification number, CALL (RLIN) (NR) 813.6
Feature heading SHE
Feature heading K
100 1# - MAIN ENTRY--PERSONAL NAME
Personal name Shepard, Sara,
Dates associated with a name 1977-
Relator term author.
245 10 - TITLE STATEMENT
Title PENNY DRAWS A BEST FRIEND /
Statement of responsibility, etc. SARA SHEPARD
264 #1 - PRODUCTION, PUBLICATION, DISTRIBUTION, MANUFACTURE, AND COPYRIGHT NOTICE
Place of production, publication, distribution, manufacture New York :
Name of producer, publisher, distributor, manufacturer G.P. Putnam's Sons,
Date of production, publication, distribution, manufacture, or copyright notice 2025
Date of production, publication, distribution, manufacture, or copyright notice ©2023
300 ## - PHYSICAL DESCRIPTION
Extent 245, 4 pages :
Other physical details illustrations ;
Dimensions 21 cm
336 ## - CONTENT TYPE
Content type term text
Source rdacontent
337 ## - MEDIA TYPE
Media type term unmediated
Source rdamedia
338 ## - CARRIER TYPE
Carrier type term volume
Source rdacarrier
490 1# - SERIES STATEMENT
Series statement PENNY DRAWS ;
Volume/sequential designation 1
520 ## - SUMMARY, ETC.
Summary, etc. "Why does the cubby room always smell like farts? Who etched the words "I Am Bug Man" inside my desk? Why is Mom suddenly acting likeshe has a secret? Nobody said starting fifth grade would be easy, and Penny Lowry's anxiety means a million questions are always spinning through her thoughts. Luckily she's got a lot to look forward to,like her favorite after-school activity, Art Club, and seeing her best friend Violet again after spending the whole summer apart. The thing is, Violet has been acting weird ever since she got back. She never wants to hang out anymore, says Art Club is for babies, and spends all her time with Riley, the meanest girl in school. Did Penny do something wrong? And if she did, can she undo it?"--
Assigning source From publisher
521 ## - TARGET AUDIENCE NOTE
Target audience note Ages 8-12 years.
650 10 - SUBJECT ADDED ENTRY--TOPICAL TERM
Topical term or geographic name entry element Friendship
Form subdivision Juvenile fiction.
Topical term or geographic name entry element Doodles
Form subdivision Juvenile fiction.
Topical term or geographic name entry element Anxiety
Form subdivision Juvenile fiction
Topical term or geographic name entry element Diaries
Form subdivision Juvenile fiction
830 #0 - SERIES ADDED ENTRY--UNIFORM TITLE
Uniform title Penny draws ;
Volume/sequential designation 1
942 ## - ADDED ENTRY ELEMENTS (KOHA)
Source of classification or shelving scheme Dewey Decimal Classification
Koha item type Book
Holdings
Withdrawn Not for loan Current library Shelving location Date acquired Total Checkouts Full call number Barcode Date last seen Koha item type
    Perpustakaan Alor Setar Pinjaman Kanak-kanak 12/05/2026   K 813.6 SHE A01916311 12/05/2026 Book
    Perpustakaan Awam Sungai Petani Pinjaman Kanak-kanak 12/05/2026   K 813.6 SHE A01916312 12/05/2026 Book
    Perpustakaan Baling Pinjaman Kanak-kanak 12/05/2026   K 813.6 SHE A01916316 12/05/2026 Book
    Perpustakaan Bandar Baharu Pinjaman Kanak-kanak 12/05/2026   K 813.6 SHE A01916317 12/05/2026 Book
    Perpustakaan Jitra Pinjaman Kanak-kanak 12/05/2026   K 813.6 SHE A01916313 12/05/2026 Book
    Perpustakaan Kulim Pinjaman Kanak-kanak 12/05/2026   K 813.6 SHE A01916315 12/05/2026 Book
    Perpustakaan Langkawi Pinjaman Kanak-kanak 12/05/2026   K 813.6 SHE A01916314 12/05/2026 Book